| 000 | 01372cam a2200337 i 4500 | ||
|---|---|---|---|
| 001 | 4628378 | ||
| 003 | OSt | ||
| 005 | 20151026090844.0 | ||
| 008 | 780711s1978 nyua b 101 0 eng | ||
| 010 | _a 78015022 | ||
| 020 | _a0080226485 | ||
| 040 |
_aDLC _cDLC _dDLC |
||
| 050 | 0 | 0 |
_aQR184.5 _b.A54 1978 |
| 082 | 0 | 0 | _a591.2/9 |
| 245 | 0 | 0 |
_aAnimal models of comparative and developmental aspects of immunity and disease / _cedited by M. Eric Gershwin, Edwin L. Cooper. |
| 260 |
_aElmsford, N.Y. : _bPergamon Press, _cc1978. |
||
| 300 |
_axiii, 396 p. : _bill. ; _c25 cm. |
||
| 500 | _a"A special supplement to Developmental and comparative immunology." | ||
| 500 | _aPapers presented at a symposium held during the annual meeting of the American Society of Zoologists in Toronto, Canada, Dec. 27-30, 1977. | ||
| 504 | _aIncludes bibliographical references and indexes. | ||
| 650 | 0 |
_aImmunology, Developmental _vCongresses. |
|
| 650 | 0 |
_aImmunology, Comparative _vCongresses. |
|
| 650 | 0 |
_aExperimental immunology _vCongresses. |
|
| 650 | 0 |
_aDiseases _xAnimal models _vCongresses. |
|
| 700 | 1 |
_aGershwin, M. Eric, _d1946- |
|
| 700 | 1 |
_aCooper, Edwin L. _q(Edwin Lowell), _d1936- |
|
| 710 | 2 | _aAmerican Society of Zoologists. | |
| 730 | 0 | _aDevelopmental and comparative immunology. | |
| 906 |
_a7 _bcbc _corignew _d1 _eocip _f19 _gy-gencatlg |
||
| 942 |
_2lcc _cBK |
||
| 999 |
_c250908 _d250908 |
||